00637nam a22001817a 450000500170000001000150001702000110003203500140004303700130005708200140007024500980008426000550018226000610023727000660029830000270036450000320039170000320042320181016104004.0 aENG-124284 c100.00 aEN-107816 bDBAD/PUB a338.10954 aIndian agricultural heritage: ccompiled by Chitturi B S Subrahmanyamb[C.400 BCE- 1700 CE] / aSecunderabadbAsian Agri- History Foundationc2014 aBengalurubGreen Infrastructure Projects Pvt. Ltd.c2014 bBengalurue560010a1097, 18th B Main, 5th Block, Rajaji Nagar a224p.c24cm(pbk)bill. aAgri-History bulletin no-10 a Subrahmanyam, Chitturi B S